000 04321cam a2200337Ii 4500
001 12475668
003 EG-ScBUE
005 20230709102136.0
008 150528s2013 enkac f b 001 0 eng d
020 _a9781783200016
035 _a(OCoLC)ocn919117672
035 _a12475668
040 _aAU@
_beng
_erda
_cAU@
_dYDXCP
_dYNK
_dNKM
_dCUI
_dNLGGC
_dPAU
_dGZM
_dCHVBK
_dVRC
_dOCLCF
_dUKMGB
_dMNE
_dUBY
_dCtY
_dEG-ScBUE
082 0 4 _a700.72
_222
_bART
245 0 0 _aArt as research :
_bopportunities and challenges /
_cedited by Shaun McNiff.
264 1 _aBristol :
_bIntellect,
_c2013.
300 _axvi, 233 pages :
_bblack and white illustrations, portraits ;
_c24 cm
336 _atext
_2rdacontent
_btxt
336 _astill image
_2rdacontent
_btxt
337 _aunmediated
_2rdamedia
_bn
338 _avolume
_2rdacarrier
_bnc
504 _aIncludes bibliographical references and index.
505 0 _aOpportunities and challenges in art-based research / Shaun McNiff -- Art as enquiry: Towards a research method that holds soul truth / Pat B. Allen -- Art-based enquiry: It is what we do! / Mitchell Kossak -- Mentoring and other challenges in art-based enquiry: You will figure it out / Bruce L. Moon -- Art-based research as a pedagogical approach to studying intersubjectivity in the creative arts therapies / Nancy Gerber, Elizabeth Templeton, Gioia Chilton, Marcia Cohen Liebman, Elizabeth Manders and Minjung Shim -- Performance as art-based research in drama therapy supervision / Robert Landy, Maria Hodermarska, Dave Mowers and David Perrin -- Where are the five chapters?: Challenges and opportunities in mentoring students with art-based dissertations / Sally Atkins -- The risks of representation: Dilemmas and opportunities in art-based research / Jean Rumbold, Patricia Fenner and Janine Brophy-Dixon -- Improvisation and art-based research / Nisha Sajnani -- Know thyself: Awakening self-referential awareness through art-based research / Michael A. Franklin -- The feeling of what happens: A reciprocal investigation of inductive and deductive processes in an art experiment / Malcolm Learmonth and Karen Huckvale -- A critical focus on art-based research / Shaun McNiff -- Frames of enquiry: Perplexity, self-integration, pregnant images / Robert E. Innis -- Expecting the unexpected: Improvisation in art-based research / Stephen K. Levine -- On creative writing and historical understanding / Kelsey McNiff -- On the seam: Fiction as truth - what can art do? / Debra Kalmanowitz -- A more complete knowing: The subjective objective partnership / Jordan S. Potash -- Knowing what is known: Accessing craft-based meanings in research by artists / Ross W. Prior -- Art-based research for engaging not-knowing in organizations / Ariane Berthoin Antal -- Art as a mother tongue: Staying true to an innate language of knowing / Tamar Einstein and Michele Forinash -- Shall I hide an art-based study within a recognized qualitative framework? Negotiating the spaces between research traditions at a research university / Tawnya D. Smith -- Trusting the felt sense in art-based research / Laury Rappaport -- Painting research: Challenges and opportunities of intimacy and depth / Barbara J. Fish -- Capturing the transient / Corinna Brown.
520 _aThe new practice of art-based research uses art making as a primary mode of inquiry rather than continuing to borrow research methodologies from other disciplines to study artistic processes. Drawing on contributions from arts therapies, education, history, organizational studies, and philosophy, the essays critically examine challenges that include the personal nature of artistic inquiry and the complexities of the partnership with social science that has dominated applied arts research; how artistic discoveries are apt to emerge spontaneously; how truth can be examined through both fact and fiction as well as the interplay of objective and subjective experience; and ways of generating artistic evidence and communicating outcomes. Offering examples from all of the arts, this volume will be welcomed by researchers and students in many fields.
650 7 _aArts
_xResearch.
_2BUEsh
650 7 _aArts
_xStudy and teaching.
_2BUEsh
653 _bART
_cJuly2023
655 _vReading book
700 1 _aMcNiff, Shaun,
_eeditor.
942 _2ddc
_cBB
999 _c30488
_d30459